<?xml version="1.0" encoding="UTF-8"?>
<record
    xmlns:xsi="http://www.w3.org/2001/XMLSchema-instance"
    xsi:schemaLocation="http://www.loc.gov/MARC21/slim http://www.loc.gov/standards/marcxml/schema/MARC21slim.xsd"
    xmlns="http://www.loc.gov/MARC21/slim">

  <leader>02667    a2200241   4500</leader>
  <controlfield tag="001">44903</controlfield>
  <controlfield tag="005">20260407155724.0</controlfield>
  <controlfield tag="008">260407a2012    arg                 spa d</controlfield>
  <controlfield tag="003">AR-UNSa-BCEJYS</controlfield>
  <datafield tag="040" ind1=" " ind2=" ">
    <subfield code="a">AR-UNSa-BCEJYS</subfield>
    <subfield code="b">spa</subfield>
    <subfield code="c">AR-UNSa-BCEJYS</subfield>
  </datafield>
  <datafield tag="080" ind1=" " ind2=" ">
    <subfield code="a">338.45</subfield>
    <subfield code="x">Industria como sector econ&#xF3;mico. Producci&#xF3;n comercial, industrial </subfield>
  </datafield>
  <datafield tag="245" ind1="1" ind2="0">
    <subfield code="a">Industria y sociedad</subfield>
    <subfield code="p">el sector manufacturero en Jujuy y Argentina</subfield>
  </datafield>
  <datafield tag="020" ind1=" " ind2=" ">
    <subfield code="a">978-950-721-397-7</subfield>
  </datafield>
  <datafield tag="264" ind1=" " ind2="1">
    <subfield code="a">San Salvador de Jujuy :</subfield>
    <subfield code="b">EDIUNJu</subfield>
    <subfield code="c">2012</subfield>
  </datafield>
  <datafield tag="300" ind1=" " ind2=" ">
    <subfield code="a">386 p.</subfield>
    <subfield code="c">24 cm.</subfield>
  </datafield>
  <datafield tag="505" ind1=" " ind2=" ">
    <subfield code="a">1. La industria argentina. Rasgos esenciales desde su g&#xE9;nesis hasta la d&#xE9;cada de 1970/ Alicia Ang&#xE9;lica Malatesta - 2. La industria argentina entre la sustituci&#xF3;n de importaciones y la posconvertibilidad: un breve repaso de la trayectoria estructural del sector / Mart&#xED;n Schorr - 3. La industria en la provincia de Tucum&#xE1;n: de la expansi&#xF3;n azucarera a la desindustrializaci&#xF3;n / Ariel Osatinsky- Pablo Paolasso &#x2013; 4. Nota sobre el proceso de industrializaci&#xF3;n en la provincia de Salta / Juan Pablo Balderrama &#x2013; Abel Fern&#xE1;ndez Castro- Ricardo G. Mart&#xED;nez &#x2013; 5. Agroindustrias y miner&#xED;a en la conformaci&#xF3;n de la estructura econ&#xF3;mica y social en Jujuy (desde mediados del siglo XX hasta la actualidad) / Laura Golovanevsky- C&#xE9;sar Cabrera &#x2013; 6. Evoluci&#xF3;n del producto bruto geogr&#xE1;fico de Jujuy y la realidad social / Benito Carlos Aramayo- Guillermo Horacio Sapag &#x2013; 7. La industria juje&#xF1;a entre la crisis de 1930 y los a&#xF1;os de Per&#xF3;n. Realidades, actores y pol&#xED;ticas p&#xFA;blicas / Adriana Kindgard  - 8. Forjando industrias. Altos Hornos Zapla y la siderurgia en Jujuy / Liliana Bergesio &#x2013; Fernando Castillo &#x2013; 9. Consideraciones acerca de la localizaci&#xF3;n de industrias y los parques industriales en Jujuy / Ivone Carrillo- Mar&#xED;a Eugenia L&#xF3;ndero -  Alfredo Matas &#x2013; 10. Agroindustrias de Jujuy. An&#xE1;lisis y perspectivas / Fernando Medina &#x2013; 11. Sector industrial y empleo en Jujuy en el siglo XXI / Laura Golovanevsky- Mar&#xED;a Elena Marcoleri &#x2013; Alfredo Ram&#xED;rez &#x2013; 12. Los or&#xED;genes de la educaci&#xF3;n de artes y oficios en el sistema educativo de la provincia de Jujuy / Sandra S. Coca &#x2013; 13. Aportes de la miner&#xED;a al desarrollo industrial en Jujuy / Ivone Carrillo -  Fernanda Colque &#x2013; Interrelaciones de los distintos actores sociales que participan en los conflictos del sector minero en Jujuy / M&#xF3;nica R. Echenique - </subfield>
  </datafield>
  <datafield tag="041" ind1=" " ind2=" ">
    <subfield code="a">spa</subfield>
  </datafield>
  <datafield tag="942" ind1=" " ind2=" ">
    <subfield code="c">BK</subfield>
  </datafield>
  <datafield tag="590" ind1=" " ind2=" ">
    <subfield code="a">niveau_biblio:m niveau_hierar:0</subfield>
  </datafield>
  <datafield tag="100" ind1="1" ind2=" ">
    <subfield code="a">Golovanevsky, Laura</subfield>
  </datafield>
  <datafield tag="700" ind1="1" ind2=" ">
    <subfield code="a">Bergesio, Liliana</subfield>
  </datafield>
  <datafield tag="856" ind1="4" ind2="1">
    <subfield code="u">https://www.biblioeco.unsa.edu.ar/pmb/images/libros/L127027.jpg</subfield>
    <subfield code="y">Imagen de portada</subfield>
    <subfield code="q">image/jpeg</subfield>
  </datafield>
  <datafield tag="999" ind1=" " ind2=" ">
    <subfield code="c">3844</subfield>
    <subfield code="d">3844</subfield>
  </datafield>
  <datafield tag="952" ind1=" " ind2=" ">
    <subfield code="0">0</subfield>
    <subfield code="1">0</subfield>
    <subfield code="4">0</subfield>
    <subfield code="7">0</subfield>
    <subfield code="a">BCEJYS</subfield>
    <subfield code="b">BCEJYS</subfield>
    <subfield code="c">16</subfield>
    <subfield code="d">2026-04-07</subfield>
    <subfield code="l">0</subfield>
    <subfield code="o">338.45 B495</subfield>
    <subfield code="p">L127026</subfield>
    <subfield code="r">2026-04-07 15:57:24</subfield>
    <subfield code="w">2026-04-07</subfield>
    <subfield code="y">L</subfield>
  </datafield>
  <datafield tag="952" ind1=" " ind2=" ">
    <subfield code="0">0</subfield>
    <subfield code="1">0</subfield>
    <subfield code="4">0</subfield>
    <subfield code="7">0</subfield>
    <subfield code="a">BCEJYS</subfield>
    <subfield code="b">BCEJYS</subfield>
    <subfield code="c">16</subfield>
    <subfield code="d">2026-04-07</subfield>
    <subfield code="l">0</subfield>
    <subfield code="o">338.45 B495</subfield>
    <subfield code="p">L127027</subfield>
    <subfield code="r">2026-04-07 15:57:24</subfield>
    <subfield code="w">2026-04-07</subfield>
    <subfield code="y">L</subfield>
  </datafield>
</record>
